000 00281nam a22001337a 4500
003 SGT
020 _a067083789X
082 _a070
_bT89B
100 _aBHAGAT, DHIREN
245 _aTHE CONTEMPORARY CONSERVATIVE
260 _bPENGUIN BOOKS
_c1989
300 _a391
942 _2ddc
_cBK
999 _c28861
_d28861